Mannschaften der Oberliga Rheinland-Pfalz/Saar 2024/25 - Statistiken

Allgemein
  • Dieses Quiz wurde 29 mal gespielt
  • Das Durchschnittsergebnis liegt bei 10 aus 18
Antwortstatistiken
Mannschaften % Korrekt
1. FC Kaiserslautern II
91%
Wormatia Worms
83%
TuS Koblenz
78%
FK Pirmasens
70%
FV Engers 07
70%
TSV Schott Mainz
70%
FC Rot-Weiß Koblenz
65%
Arminia Ludwigshafen
61%
SC 07 Idar-Oberstein
61%
SV Morlautern
57%
SV Gonsenheim
48%
FC Karbach
39%
FV 07 Diefflen
39%
SV Auersmacher
39%
SV Viktoria Herxheim
39%
TuS Mechtersheim
39%
Eisbachtaler Sportfreunde
30%
FV Eppelborn
22%
Keine übereinstimmenden Quizze gefunden
Verteilung der Resultate
Anzahl Personen mit jedem Resultat
Perzentil nach korrekt beantworteten Fragen
Ihre Resultats-Entwicklung
Sie haben dieses Quiz noch nicht gespielt